000 00731nam a2200289Ia 4500
003 OSt
005 20220912153220.0
006 a|||||r|||| 00| 0
007 ta
008 220909b |||||||| |||| 00| 0 eng d
020 _a0849302552 (V 1)
024 _a2777
037 _bApple,
037 _cTextual
040 _aCSL
_beng
_cCSL
041 _aeng
082 _aKZ142:16, N3.1
100 _aMcVey James P Ed
245 0 _aCRC handbook of mariculture
250 _aEd 2
260 _aBoca
_bRaton CRC Press
_c1993
300 _ap.
_ccm.
650 _a Aquaculture
650 _aAnimal Husbandry
942 _hKZ142:16, N3.1
_cTEXL
_2CC
999 _c99293
_d99293